000
00460nam a2200169Ia 4500
008
090711s9999 xx 000 0 und d
082
_b
33857
100
_a
बुद्धिसागर शांता
245
_a
कणव
260
_c
1976
300
_a
93
600
_a
बुद्धिसागर शांता
630
_a
कणव
700
_a
बुद्धिसागर शांता
730
_a
कणव
942
_c
BOOK
999
_c
309064
_d
309064